| 000 | 00339nam a22001217a 4500 | ||
|---|---|---|---|
| 008 | 090423t xxu||||| |||| 00| 0 eng d | ||
| 020 | _a8121905206 | ||
| 082 |
_222 _a624.171 _bKHU |
||
| 245 |
_aTheory of structures/ _cBy R. S. Khurmi |
||
| 260 |
_aNew Delhi: _bS. Chand & Company, _c1987 |
||
| 300 |
_a772p.: _bill.; _c20 cm. |
||
| 942 |
_2ddc _cBB |
||
| 999 |
_c11405 _d11405 |
||